How does google finish the sentence #1 - Statistics

General Stats
  • This quiz has been taken 22 times
  • The average score is 3 of 20
Answer Stats
Hint Answer % Correct
Is France A country
90%
Whats the smallest Country
85%
Is mandarin Chinese
25%
Whats the biggest State
25%
Can cows Swim
20%
How many wheels does a _____ have 18 wheeler
15%
How many wheels are in The world
10%
Are honey badgers Dangerous
5%
Are red bricks Fireproof
5%
What is my IP
5%
Can rabbits eat Watermelon
5%
Tom Brady
0%
Is google Down
0%
Whats the most popular Game
0%
Florida Hurricane
0%
How do you Live
0%
Who was Oppenheimer
0%
Can kids drink Prime
0%
Is math Red or blue
0%
Whats another name for Richard
0%
No matching quizzes found
Score Distribution
Percent of People with Each Score
Percentile by Number Answered
Your Score History
You have not taken this quiz